The bar & beverage book
Saved in:
| Main Author: | |
|---|---|
| Format: | Sách |
| Language: | Undetermined |
| Published: |
John Wiley & Sons
2012
|
| Subjects: | |
| Tags: |
Add Tag
No Tags, Be the first to tag this record!
|
| Institutions: | Trung tâm Thư viện - Trường Đại học Công nghiệp TP. Hồ Chí Minh |
|---|
| LEADER | 00485nam a2200157Ia 4500 | ||
|---|---|---|---|
| 001 | UIH_04181 | ||
| 008 | 231011s9999 xx 000 0 und d | ||
| 082 | |a 641.874 | ||
| 100 | |a Katsigris, Costas | ||
| 245 | 0 | |a The bar & beverage book | |
| 245 | 0 | |c Katsigris, Costas | |
| 260 | |b John Wiley & Sons | ||
| 260 | |c 2012 | ||
| 650 | |a Bartending; Đồ uống; | ||
| 927 | |a Sách | ||
| 980 | |a Trung tâm Thư viện - Trường Đại học Công nghiệp TP. Hồ Chí Minh | ||